[Event "Int. Stuttgarter Stadtmeisterschaft B"]
[Site "Ditzingen"]
[Date "2013.05.10"]
[Round "4.28"]
[White "Zimmermann, Tobias"]
[Black "Winkler, Alex"]
[Result "1-0"]
[WhiteElo "1734"]
[BlackElo "1590"]
[PlyCount "25"]
[EventDate "2013.??.??"]
[WhiteTeam "SC Schachmatt Botnang"]
[BlackTeam "SF Deizisau"]

1. e4 e5 2. Nf3 Nc6 3. d4 exd4 4. Bc4 Be7 5. c3 d6 6. cxd4 Bg4 7. Qb3 Bxf3 8.
Bxf7+ Kf8 9. Qxf3 Nxd4 10. Qd3 Nc6 11. Bxg8 Kxg8 12. O-O b6 13. Qc4+ 1-0

[Event "Int. Stuttgarter Stadtmeisterschaft B"]
[Site "Ditzingen"]
[Date "2013.05.10"]
[Round "4.29"]
[White "Hornung, Richard"]
[Black "Bausch, Raimund"]
[Result "1-0"]
[WhiteElo "1767"]
[BlackElo "1630"]
[PlyCount "63"]
[EventDate "2013.??.??"]
[WhiteTeam "SG Schwabing München Nord e.V."]
[BlackTeam "Stuttgarter SF 1879"]

1. Nf3 d5 2. e3 Nf6 3. d4 Bg4 4. Be2 Nbd7 5. O-O e6 6. Nbd2 c5 7. Ne5 Nxe5 8.
dxe5 Bxe2 9. Qxe2 Nd7 10. f4 f6 11. e4 d4 12. exf6 Qxf6 13. e5 Qf5 14. Qe4 Qxe4
15. Nxe4 O-O-O 16. Bd2 Be7 17. b3 Rdf8 18. Rf3 h6 19. c3 dxc3 20. Bxc3 Nb6 21.
Rc1 Nd5 22. Bd2 b6 23. b4 Kb7 24. bxc5 b5 25. Nd6+ Kc6 26. g3 g5 27. Ra3 Ra8
28. Ra6+ Kc7 29. Ba5+ Kb8 30. Rb1 Nc7 31. Bxc7+ Kxc7 32. Rxb5 1-0

[Event "Int. Stuttgarter Stadtmeisterschaft B"]
[Site "Ditzingen"]
[Date "2013.05.10"]
[Round "4.30"]
[White "Steinmassl, Guido"]
[Black "Wenzel, Ulrich"]
[Result "1/2-1/2"]
[WhiteElo "1599"]
[BlackElo "1767"]
[PlyCount "101"]
[EventDate "2013.??.??"]
[WhiteTeam "SK e4 Gerlingen"]
[BlackTeam "TSF Ditzingen"]

1. d4 Nf6 2. c4 g6 3. g3 Bg7 4. Bg2 O-O 5. Nc3 d6 6. Nf3 Nc6 7. O-O e5 8. Bg5
exd4 9. Nxd4 Nxd4 10. Qxd4 h6 11. Bxf6 Bxf6 12. Qd2 Bg7 13. e4 Be6 14. b3 Qc8
15. Rad1 Bxc3 16. Qxc3 Bh3 17. Rfe1 Bxg2 18. Kxg2 b6 19. e5 dxe5 20. Rxe5 Re8
21. Rde1 Qd7 22. f3 Rxe5 23. Qxe5 Rd8 24. Re2 Qd6 25. Qc3 c5 26. Qe3 Qd3 27.
Qe7 Qd7 28. a4 Qxe7 29. Rxe7 a5 30. Rb7 Rd6 31. Kf2 Kg7 32. Ke3 Kf6 33. f4 h5
34. h3 Ke6 35. g4 hxg4 36. hxg4 f5 37. g5 Rc6 38. Rg7 Rd6 39. Rxg6+ Ke7 40.
Rxd6 Kxd6 41. Kf3 Ke6 42. Kg3 Kf7 43. Kh3 Kg7 44. Kg3 Kf7 45. Kg2 Kg7 46. Kh2
Kf7 47. g6+ Kxg6 48. Kg3 Kh5 49. Kh3 Kg6 50. Kh2 Kh5 51. Kg3 1/2-1/2

[Event "Int. Stuttgarter Stadtmeisterschaft B"]
[Site "Ditzingen"]
[Date "2013.05.10"]
[Round "4.31"]
[White "Zaytsev, Evgeny"]
[Black "Matic, Marijo"]
[Result "1/2-1/2"]
[WhiteElo "1733"]
[BlackElo "1565"]
[PlyCount "45"]
[EventDate "2013.??.??"]
[WhiteTeam "Stuttgarter SF 1879"]
[BlackTeam "Stuttgarter SF 1879"]

1. e4 e5 2. Nf3 d6 3. d4 exd4 4. Nxd4 Nf6 5. Nc3 Be7 6. Bc4 O-O 7. O-O Bd7 8.
Nf5 Nc6 9. Bg5 Be6 10. Nxe7+ Nxe7 11. Be2 Nd7 12. f4 f6 13. Bh4 Nb6 14. b3 a6
15. f5 Bf7 16. g4 Nc6 17. Bg3 Ne5 18. h4 d5 19. g5 d4 20. gxf6 gxf6 21. Nb1 d3
22. cxd3 Qd4+ 23. Kh1 1/2-1/2

[Event "Int. Stuttgarter Stadtmeisterschaft B"]
[Site "Ditzingen"]
[Date "2013.05.10"]
[Round "4.32"]
[White "Schmitz, Harald"]
[Black "Dallinger, Moritz"]
[Result "1-0"]
[WhiteElo "1717"]
[BlackElo "1528"]
[PlyCount "29"]
[EventDate "2013.??.??"]
[WhiteTeam "SG Fasanenhof"]
[BlackTeam "SV Stuttgart-Wolfbusch 1956 e.V."]

1. e4 c5 2. c3 Nf6 3. e5 Nd5 4. d4 cxd4 5. cxd4 e6 6. Nf3 Nc6 7. Be2 d6 8. exd6
Bxd6 9. O-O O-O 10. Nc3 Be7 11. a3 Bf6 12. Ne4 b6 13. Nxf6+ Qxf6 14. Bd3 Nde7
15. Bg5 1-0

[Event "Int. Stuttgarter Stadtmeisterschaft B"]
[Site "Ditzingen"]
[Date "2013.05.10"]
[Round "4.34"]
[White "Handel, Oliver"]
[Black "Mihalache, Victor"]
[Result "1-0"]
[WhiteElo "1705"]
[BlackElo "1334"]
[PlyCount "27"]
[EventDate "2013.??.??"]
[WhiteTeam "SF 59 Kornwestheim"]
[BlackTeam "SF 59 Kornwestheim"]

1. e4 e5 2. Nf3 Nc6 3. Bb5 Nf6 4. O-O a6 5. Ba4 b5 6. Bb3 d5 7. exd5 Nxd5 8.
Re1 f6 9. d4 Bg4 10. dxe5 Bxf3 11. Qxf3 Nce7 12. exf6 Nxf6 13. Qc6+ Nd7 14. Qe6
1-0

[Event "Int. Stuttgarter Stadtmeisterschaft B"]
[Site "Ditzingen"]
[Date "2013.05.10"]
[Round "4.35"]
[White "Gottwald, Helmut"]
[Black "Gheng, Christian"]
[Result "0-1"]
[WhiteElo "1582"]
[BlackElo "1696"]
[PlyCount "124"]
[EventDate "2013.??.??"]
[WhiteTeam "SV Dicker Turm Esslingen"]
[BlackTeam "TSV Schönaich"]

1. Nf3 c5 2. c4 g6 3. Nc3 Bg7 4. g3 b6 5. Bg2 Bb7 6. O-O d6 7. b3 e6 8. Bb2 Ne7
9. d4 O-O 10. dxc5 dxc5 11. Qxd8 Rxd8 12. Rad1 Nbc6 13. Rxd8+ Rxd8 14. Rd1
Rxd1+ 15. Nxd1 Bxb2 16. Nxb2 Nb4 17. a3 Nc2 18. a4 Bxf3 19. Bxf3 Nd4 20. a5
bxa5 21. Na4 Nxb3 22. Be4 Nc8 23. Bd3 Nb6 24. Nc3 Nd2 25. Nb5 Ndxc4 26. Nxa7
Nb2 27. Nb5 Nxd3 28. exd3 c4 29. dxc4 Nxc4 30. Kf1 Kg7 31. Ke2 Kf6 32. f3 Ke5
33. Kd3 Nb2+ 34. Kc2 Na4 35. Kb3 Nb6 36. Kc3 h5 37. Kd3 f5 38. f4+ Kf6 39. Kd4
g5 40. fxg5+ Kxg5 41. Ke5 h4 42. Kxe6 f4 43. gxh4+ Kxh4 44. Ke5 f3 45. Nd4 f2
46. Nf3+ Kh3 47. Nd2 Kxh2 48. Ke4 Kg2 49. Kd4 f1=Q 50. Nxf1 Kxf1 51. Kc5 a4 52.
Kb4 Ke2 53. Kc3 Nd5+ 54. Kb2 Kd3 55. Ka3 Nb6 56. Kb4 Kc2 57. Ka3 Kc3 58. Ka2
Nc4 59. Ka1 Kb3 60. Kb1 Na3+ 61. Ka1 Nc2+ 62. Kb1 a3 0-1

[Event "Int. Stuttgarter Stadtmeisterschaft B"]
[Site "Ditzingen"]
[Date "2013.05.10"]
[Round "4.36"]
[White "Wübbens, Carsten"]
[Black "Gheng, Hannelore"]
[Result "1/2-1/2"]
[WhiteElo "1516"]
[BlackElo "1691"]
[PlyCount "50"]
[EventDate "2013.??.??"]
[WhiteTeam "SF Freiberg"]
[BlackTeam "SF Deizisau"]

1. d4 g6 2. e4 d6 3. c4 Bg7 4. Nc3 Nc6 5. Be3 f5 6. Nge2 Nf6 7. exf5 Bxf5 8.
Ng3 Qd7 9. Be2 Rf8 10. O-O Ng4 11. Nxf5 gxf5 12. h3 Nxe3 13. Bh5+ Kd8 14. fxe3
Qe6 15. Qd3 Nb4 16. Qe2 f4 17. exf4 Bxd4+ 18. Kh1 Qh6 19. Bg4 e5 20. fxe5 Bxe5
21. Rxf8+ Qxf8 22. Qe4 Ke7 23. Qxh7+ Bg7 24. Qe4+ Be5 25. Qh7+ Bg7 1/2-1/2

[Event "Int. Stuttgarter Stadtmeisterschaft B"]
[Site "Ditzingen"]
[Date "2013.05.10"]
[Round "4.37"]
[White "Lisin, Wladimir"]
[Black "Tönjes, Jürgen"]
[Result "1/2-1/2"]
[WhiteElo "1487"]
[BlackElo "1689"]
[PlyCount "85"]
[EventDate "2013.??.??"]
[WhiteTeam "SGem Vaihingen-Rohr"]
[BlackTeam "SF Lilienthal von 1971"]

1. d4 d6 2. c4 e5 3. dxe5 dxe5 4. Qxd8+ Kxd8 5. e4 c6 6. Bd2 Be6 7. Nc3 f6 8.
Nf3 Nd7 9. O-O-O Bc5 10. Be1 Kc7 11. Nd2 Nh6 12. Nb3 Be7 13. h3 Nc5 14. Nxc5
Bxc5 15. Na4 Be7 16. Kb1 Rad8 17. Rc1 Rd7 18. c5 Rd4 19. Ba5+ Kc8 20. Nc3 Bd8
21. Bxd8 Rhxd8 22. f3 Ng8 23. g4 Rd2 24. Be2 Ne7 25. Rhd1 Ng6 26. Rxd2 Rxd2 27.
Rd1 Rxd1+ 28. Nxd1 Nf4 29. Bf1 h5 30. b4 hxg4 31. hxg4 Kc7 32. Kb2 g6 33. Ne3
g5 34. a4 Ng6 35. b5 b6 36. cxb6+ axb6 37. Kc3 Ne7 38. Be2 cxb5 39. axb5 Kd6
40. Bc4 Bxc4 41. Kxc4 Ke6 42. Kb4 Kd6 43. Nc4+ 1/2-1/2

[Event "Int. Stuttgarter Stadtmeisterschaft B"]
[Site "Ditzingen"]
[Date "2013.05.10"]
[Round "4.38"]
[White "Rasch, Wolfgang"]
[Black "Grözinger, Werner"]
[Result "1-0"]
[WhiteElo "1688"]
[BlackElo "1298"]
[PlyCount "53"]
[EventDate "2013.??.??"]
[BlackTeam "SV Stuttgart-Wolfbusch 1956 e.V."]

1. d4 e6 2. c4 c6 3. Nc3 d5 4. e4 g6 5. Nf3 Bg7 6. Be2 b6 7. O-O Ba6 8. cxd5
Bxe2 9. Qxe2 Ne7 10. dxe6 fxe6 11. Be3 O-O 12. Rfd1 Qc7 13. Rd2 a5 14. Rad1 Nd7
15. Qc4 Rxf3 16. gxf3 Kf7 17. d5 exd5 18. exd5 Ne5 19. Qf4+ Nf5 20. dxc6 Kg8
21. Qe4 Nh4 22. Rd6 Re8 23. Qd5+ Kh8 24. Rd8 Nexf3+ 25. Kf1 Nxh2+ 26. Ke2 Qe5
27. Qxe5 1-0

[Event "Int. Stuttgarter Stadtmeisterschaft B"]
[Site "Ditzingen"]
[Date "2013.05.10"]
[Round "4.39"]
[White "Peng, Yimeh-Stella"]
[Black "Strauss, Martin"]
[Result "0-1"]
[WhiteElo "1400"]
[BlackElo "1792"]
[PlyCount "58"]
[EventDate "2013.??.??"]
[WhiteTeam "TSG Öhringen"]
[BlackTeam "SC Sillenbuch"]

1. d4 d5 2. c4 e6 3. Nc3 Nf6 4. Bf4 Bd6 5. Bg3 c6 6. e3 Qe7 7. a3 Nbd7 8. Nf3
Bxg3 9. hxg3 Ne4 10. Nxe4 dxe4 11. Nd2 f5 12. g4 Nf6 13. Be2 e5 14. gxf5 Bxf5
15. Nb3 b6 16. Qd2 Rd8 17. Qc3 exd4 18. exd4 O-O 19. O-O Rde8 20. Rfe1 a5 21.
c5 b5 22. Nxa5 Bd7 23. Bf1 Nd5 24. Qg3 Qf6 25. Rad1 h5 26. Qb3 Qxf2+ 27. Kh2
Rf4 28. Re3 Rh4+ 29. Rh3 Rxh3+ 0-1

[Event "Int. Stuttgarter Stadtmeisterschaft B"]
[Site "Ditzingen"]
[Date "2013.05.10"]
[Round "4.40"]
[White "Mejerski, Stephan"]
[Black "Weisensel, Wolfgang"]
[Result "1/2-1/2"]
[WhiteElo "1664"]
[BlackElo "1685"]
[PlyCount "39"]
[EventDate "2013.??.??"]
[WhiteTeam "SK Schmiden/Cannstatt"]
[BlackTeam "Stuttgarter SF 1879"]

1. e4 e5 2. Nf3 Nf6 3. d3 Nc6 4. Bd2 d6 5. Nc3 Bg4 6. Be2 Be7 7. Nd5 h6 8. c3
O-O 9. h3 Bxf3 10. Bxf3 Nxd5 11. exd5 Nb8 12. O-O Nd7 13. Re1 Bg5 14. Qc2 Bxd2
15. Qxd2 Nf6 16. c4 Re8 17. Re3 Qd7 18. Rae1 b6 19. Bd1 Kh8 20. Rf3 1/2-1/2

[Event "Int. Stuttgarter Stadtmeisterschaft B"]
[Site "Ditzingen"]
[Date "2013.05.10"]
[Round "4.41"]
[White "Gheng, Dominik"]
[Black "Nagel, Armin"]
[Result "1-0"]
[WhiteElo "1635"]
[BlackElo "1600"]
[PlyCount "59"]
[EventDate "2013.??.??"]
[WhiteTeam "TSV Schönaich"]
[BlackTeam "SC BW Kirchentellinsfurt"]

1. e4 d5 2. exd5 Nf6 3. d6 exd6 4. d4 Be7 5. Bd3 Nc6 6. Ne2 Nb4 7. Bc4 d5 8.
Bb3 Bf5 9. O-O O-O 10. a3 Nc6 11. Nbc3 h6 12. Nf4 Be6 13. Qd3 Qd7 14. Nxe6 fxe6
15. Re1 Rae8 16. Ba4 Bd6 17. Nb5 e5 18. Nxa7 e4 19. Qc3 Bxh2+ 20. Kxh2 Ng4+ 21.
Kg1 Rxf2 22. Nxc6 Qf7 23. Ne5 Rxg2+ 24. Kxg2 Qf2+ 25. Kh3 Qh2+ 26. Kxg4 h5+ 27.
Kg5 Qg2+ 28. Kxh5 Rf8 29. Bd7 Rf2 30. Qh3 1-0

[Event "Int. Stuttgarter Stadtmeisterschaft B"]
[Site "Ditzingen"]
[Date "2013.05.10"]
[Round "4.42"]
[White "Schreiber, Winfried"]
[Black "Fürderer, Carl"]
[Result "1-0"]
[WhiteElo "1573"]
[BlackElo "1586"]
[PlyCount "115"]
[EventDate "2013.??.??"]
[BlackTeam "SC Weisse Dame Ulm e.V."]

1. c4 e5 2. Nc3 Bc5 3. e3 Nc6 4. Nf3 Qe7 5. Nd5 Qd6 6. Qc2 Nf6 7. Nc3 Nb4 8.
Qd1 e4 9. Nb5 Qb6 10. Ng5 h6 11. Nh3 d5 12. a3 Nd3+ 13. Bxd3 exd3 14. Nf4 dxc4
15. Nc3 Qc6 16. b3 Bd6 17. O-O Be5 18. Rb1 b6 19. bxc4 Qxc4 20. Rb4 Qc6 21.
Nxd3 Bb7 22. f3 Bxc3 23. dxc3 O-O-O 24. Qc2 Ba6 25. Rd1 Rhe8 26. Kf2 Nd5 27.
Rd4 Nxc3 28. Rd2 Rxd4 29. exd4 Bxd3 30. Qxd3 Nd5 31. Rc2 Qd6 32. g3 Nf6 33. Bf4
Qe7 34. Qa6+ Kb8 35. Bxc7+ Ka8 36. Be5 Qb7 37. Qxb7+ Kxb7 38. Rc7+ Ka6 39. Rxf7
Rc8 40. Rxg7 Rc2+ 41. Kg1 Rc1+ 42. Kg2 Rc2+ 43. Kh3 Nd5 44. Bb8 Ne3 45. Rxa7+
Kb5 46. a4+ Kb4 47. Bd6+ Kc4 48. Rc7+ Kxd4 49. Rxc2 Nxc2 50. Bc7 Kc5 51. f4 Nd4
52. Be5 Nf3 53. Bg7 h5 54. Kg2 Ne1+ 55. Kf2 Nd3+ 56. Ke3 Nb4 57. Bf8+ Kc4 58.
Bxb4 1-0

[Event "Int. Stuttgarter Stadtmeisterschaft B"]
[Site "Ditzingen"]
[Date "2013.05.10"]
[Round "4.43"]
[White "Zeldin, Boris"]
[Black "Steinhart, Matthias"]
[Result "0-1"]
[WhiteElo "1633"]
[BlackElo "1783"]
[PlyCount "98"]
[EventDate "2013.??.??"]
[WhiteTeam "SV Rottweil"]
[BlackTeam "SF Freiberg"]

1. d4 d5 2. Nf3 Nc6 3. e3 Bg4 4. c4 e5 5. Be2 e4 6. Nfd2 Bxe2 7. Qxe2 Nb4 8.
Na3 Nd3+ 9. Kf1 Bxa3 10. bxa3 Qh4 11. h3 Nf6 12. g3 Qg5 13. Kg2 O-O-O 14. Rf1
Rhe8 15. Rb1 Re6 16. Rb3 dxc4 17. Nxc4 Rc6 18. Rxd3 exd3 19. Qxd3 Qd5+ 20. Kg1
Qxc4 21. Qf5+ Kb8 22. Bd2 Qxa2 23. Bb4 Qd5 24. Qd3 Qe4 25. Qb3 Qd5 26. Qb2 Re8
27. Rb1 Rb6 28. Qc2 a5 29. Rc1 Rc6 30. Bc5 b6 31. Qb2 Ka8 32. Rb1 Ne4 33. Qb5
Nxc5 34. dxc5 Qxc5 35. Qa6+ Kb8 36. a4 Rd8 37. Rb5 Qc1+ 38. Kg2 Qd2 39. Rb1 Qc2
40. Qb5 Rd2 41. Rf1 Qc5 42. Qb1 Qc2 43. Qb5 Qe4+ 44. Kg1 Qd5 45. Qb1 g6 46. Qa1
Rcc2 47. Qf6 Rd1 48. Rxd1 Qxd1+ 49. Kg2 Qd5+ 0-1

[Event "Int. Stuttgarter Stadtmeisterschaft B"]
[Site "Ditzingen"]
[Date "2013.05.11"]
[Round "5.1"]
[White "Winkler, Tim"]
[Black "Paschmann, Stefan"]
[Result "0-1"]
[WhiteElo "1816"]
[BlackElo "1886"]
[PlyCount "112"]
[EventDate "2013.??.??"]
[WhiteTeam "SF Deizisau"]
[BlackTeam "Krefelder Schachklub Turm 1851 e"]

1. e4 c6 2. d4 d5 3. exd5 cxd5 4. Bd3 Nc6 5. Nf3 Qc7 6. c3 Bg4 7. h3 Bh5 8. Be3
e6 9. Nbd2 Nf6 10. Qc2 Bg6 11. Nh4 Bxd3 12. Qxd3 Bd6 13. Nhf3 O-O 14. O-O a6
15. a3 Rab8 16. Rfc1 Rfd8 17. Bg5 Be7 18. Bh4 h6 19. Bg3 Bd6 20. Bxd6 Qxd6 21.
Re1 Nd7 22. Nh2 b5 23. b4 e5 24. Nb3 e4 25. Qe2 Nb6 26. Nc5 Ra8 27. Nb7 Qd7 28.
Nxd8 Rxd8 29. Nf1 Na4 30. Rec1 Rc8 31. Rc2 Ne7 32. Rac1 Nb6 33. Nd2 Rc7 34. Nb3
Qc8 35. Nc5 Rc6 36. Ra1 g6 37. Qe3 Kg7 38. Kh1 Nf5 39. Qf4 f6 40. f3 g5 41. Qc1
exf3 42. gxf3 Nc4 43. Rh2 Ng3+ 44. Kg1 Qf5 45. Qe1 Qxf3 46. Qe7+ Kg6 47. Qe8+
Kg7 48. Qd7+ Kg6 49. Qe8+ Kg7 50. Re1 Nf5 51. Ne6+ Rxe6 52. Rxe6 Nce3 53. Qe7+
Kg6 54. Qe8+ Kg7 55. Qb8 Ng3 56. Qd6 Ngf5 0-1

[Event "Int. Stuttgarter Stadtmeisterschaft B"]
[Site "Ditzingen"]
[Date "2013.05.11"]
[Round "5.2"]
[White "Kleih, Julian"]
[Black "Luft, Jakob"]
[Result "1-0"]
[WhiteElo "1713"]
[BlackElo "1874"]
[PlyCount "87"]
[EventDate "2013.??.??"]
[WhiteTeam "SV Dettingen Erms"]
[BlackTeam "SF Oeffingen e.V."]

1. d4 Nf6 2. c4 e6 3. Nf3 d5 4. g3 Be7 5. Bg2 Nbd7 6. O-O O-O 7. Nbd2 Re8 8.
Qc2 Nf8 9. b3 c6 10. Bb2 N6d7 11. e4 dxe4 12. Nxe4 Nf6 13. Rad1 N8d7 14. Ne5
Qa5 15. Bc3 Qc7 16. f4 Nf8 17. Ng5 N6d7 18. Ngxf7 h6 19. Nxd7 Bxd7 20. Ne5 Bf6
21. Ng4 Be7 22. Ne3 Rad8 23. f5 Bg5 24. Bd2 Bxe3+ 25. Bxe3 exf5 26. Bf4 Qb6 27.
Kh1 Ng6 28. Bc1 Qc7 29. d5 Bc8 30. Bb2 Kh8 31. Bh3 cxd5 32. Bxf5 Ne5 33. Bxc8
Qxc8 34. Rfe1 Qc7 35. Qc3 d4 36. Rxd4 Qc6+ 37. Rd5 Rxd5 38. cxd5 Qxd5+ 39. Kg1
Nf3+ 40. Kf2 Ne5 41. Rxe5 Rf8+ 42. Kg1 Qf7 43. Rf5 Qe7 44. Qxg7+ 1-0

[Event "Int. Stuttgarter Stadtmeisterschaft B"]
[Site "Ditzingen"]
[Date "2013.05.11"]
[Round "5.3"]
[White "Streicher, Traugott"]
[Black "Baumeister, Jürgen"]
[Result "1-0"]
[WhiteElo "1865"]
[BlackElo "1849"]
[PlyCount "63"]
[EventDate "2013.??.??"]
[WhiteTeam "TSG Steinheim"]
[BlackTeam "SC Asperg"]

1. e4 e6 2. d4 b6 3. Nf3 Bb7 4. Bd3 c5 5. c3 cxd4 6. cxd4 Bb4+ 7. Bd2 Bxd2+ 8.
Qxd2 Nf6 9. Nc3 O-O 10. O-O d5 11. e5 Ne4 12. Qe1 Nxc3 13. Qxc3 Ba6 14. Bxa6
Nxa6 15. Rac1 h6 16. Qa3 Nc7 17. Rc6 Qd7 18. Rfc1 Nb5 19. Qa6 g5 20. Qxb5 Rac8
21. Qa4 Rc7 22. Qc2 Rxc6 23. Qxc6 Qe7 24. h3 g4 25. hxg4 f5 26. Qd6 Qe8 27. g5
Qg6 28. Rc7 hxg5 29. Qe7 g4 30. Ng5 f4 31. Qh7+ Qxh7 32. Nxh7 1-0

[Event "Int. Stuttgarter Stadtmeisterschaft B"]
[Site "Ditzingen"]
[Date "2013.05.11"]
[Round "5.5"]
[White "Viehoff, Jürgen"]
[Black "Notz, Lukas"]
[Result "1-0"]
[WhiteElo "1848"]
[BlackElo "1757"]
[PlyCount "59"]
[EventDate "2013.??.??"]
[WhiteTeam "SC Stetten a.d.F."]
[BlackTeam "SV Dettingen Erms"]

1. d4 d5 2. Nf3 e6 3. e3 Nf6 4. Bd3 c5 5. c3 cxd4 6. exd4 Be7 7. Ne5 Nc6 8. f4
Bd7 9. Nd2 b5 10. Qe2 b4 11. Nxc6 Bxc6 12. O-O bxc3 13. bxc3 Qc7 14. Nf3 Ne4
15. Ne5 Nxc3 16. Qh5 Bf6 17. Bd2 Ne4 18. Ba5 g6 19. Bxc7 gxh5 20. Bxe4 dxe4 21.
Nxc6 Rc8 22. Be5 Rxc6 23. Bxf6 Rg8 24. Rab1 Kd7 25. Rb7+ Kd6 26. Be7+ Kd5 27.
Rd7+ Kc4 28. Rc1+ Kd3 29. Rxc6 e3 30. Rb7 1-0

[Event "Int. Stuttgarter Stadtmeisterschaft B"]
[Site "Ditzingen"]
[Date "2013.05.11"]
[Round "5.6"]
[White "Rieder, Josef"]
[Black "Hamm, Julian"]
[Result "0-1"]
[WhiteElo "1818"]
[BlackElo "1750"]
[PlyCount "35"]
[EventDate "2013.??.??"]
[WhiteTeam "Stuttgarter SF 1879"]
[BlackTeam "Mönchfelder SV 1967"]

1. e4 e5 2. Nf3 Nf6 3. Nc3 d6 4. d4 exd4 5. Nxd4 Be7 6. Be2 O-O 7. O-O c5 8.
Nf3 Nc6 9. h3 a6 10. Bf4 b5 11. e5 dxe5 12. Nxe5 Nd4 13. Bf3 Nxf3+ 14. Qxf3 Be6
15. Nc6 Qe8 16. Nxe7+ Qxe7 17. Rad1 Ne8 18. Qxa8 0-1

[Event "Int. Stuttgarter Stadtmeisterschaft B"]
[Site "Ditzingen"]
[Date "2013.05.11"]
[Round "5.7"]
[White "Hahn, Martin"]
[Black "Graf, Maximilian"]
[Result "1/2-1/2"]
[WhiteElo "1763"]
[BlackElo "1731"]
[PlyCount "23"]
[EventDate "2013.??.??"]
[WhiteTeam "SF Oeffingen e.V."]
[BlackTeam "SK e4 Gerlingen"]

1. c4 e5 2. Nc3 Nf6 3. Nf3 Nc6 4. g3 d5 5. cxd5 Nxd5 6. Bg2 Nxc3 7. bxc3 e4 8.
Nd4 Nxd4 9. cxd4 Bf5 10. e3 Qd5 11. O-O Bd6 12. Ba3 1/2-1/2

[Event "Int. Stuttgarter Stadtmeisterschaft B"]
[Site "Ditzingen"]
[Date "2013.05.11"]
[Round "5.8"]
[White "Wiessner, Johann"]
[Black "Vogel, Karlheinz"]
[Result "1/2-1/2"]
[WhiteElo "1861"]
[BlackElo "1706"]
[PlyCount "56"]
[EventDate "2013.??.??"]
[WhiteTeam "SC Lechhausen"]
[BlackTeam "TSV Untergruppenb."]

1. d4 e6 2. c4 f5 3. Nf3 Nf6 4. g3 c6 5. Bg2 d5 6. O-O Bd6 7. Qc2 O-O 8. Nbd2
Nbd7 9. b3 Ne4 10. Bb2 b6 11. Rad1 Ba6 12. Ne5 Nxe5 13. dxe5 Bc5 14. Nxe4 fxe4
15. Bxe4 Qg5 16. Bxh7+ Kh8 17. Qg6 Rxf2 18. Rxf2 Qe3 19. Rdf1 Rf8 20. Bc1 Qxe2
21. Bf4 dxc4 22. Qe4 cxb3 23. Qxe2 Bxe2 24. Re1 bxa2 25. Be4 Bc4 26. h4 Bxf2+
27. Kxf2 c5 28. Rd1 a5 1/2-1/2

[Event "Int. Stuttgarter Stadtmeisterschaft B"]
[Site "Ditzingen"]
[Date "2013.05.11"]
[Round "5.9"]
[White "Muench, Werner"]
[Black "Erfle, Christian"]
[Result "1/2-1/2"]
[WhiteElo "1841"]
[BlackElo "1724"]
[PlyCount "32"]
[EventDate "2013.??.??"]
[WhiteTeam "SC Widdern"]
[BlackTeam "SC Tamm 74"]

1. d4 Nf6 2. c4 e5 3. dxe5 Ng4 4. Nf3 Nc6 5. Nc3 Bb4 6. Bd2 Ngxe5 7. Nxe5 Nxe5
8. e3 O-O 9. a3 Bxc3 10. Bxc3 d6 11. Be2 b6 12. Bf3 Rb8 13. b3 Bb7 14. Bxb7
Rxb7 15. O-O Rb8 16. Ra2 Qh4 1/2-1/2

[Event "Int. Stuttgarter Stadtmeisterschaft B"]
[Site "Ditzingen"]
[Date "2013.05.11"]
[Round "5.10"]
[White "Pudmensky, Stefan"]
[Black "Fuchs, Egbert"]
[Result "1-0"]
[WhiteElo "1829"]
[BlackElo "1706"]
[PlyCount "54"]
[EventDate "2013.??.??"]
[WhiteTeam "SF Oeffingen e.V."]
[BlackTeam "SVG Vaihingen/Enz"]

1. d4 Nf6 2. Nf3 e6 3. c4 Bb4+ 4. Bd2 Qe7 5. e3 O-O 6. Bxb4 Qxb4+ 7. Qd2 a5 8.
Bd3 d5 9. Qxb4 axb4 10. c5 b6 11. cxb6 cxb6 12. Nbd2 Ba6 13. Ne5 Rc8 14. O-O
Nbd7 15. Bxa6 Rxa6 16. Nd3 Ra7 17. Nxb4 e5 18. Rfc1 Rac7 19. Rxc7 Rxc7 20. Nb3
Kf8 21. Rc1 Rc4 22. Rxc4 dxc4 23. Nd2 b5 24. Nc6 Nd5 25. Nxe5 N7b6 26. b3 c3
27. Ne4 Nb4 1-0

[Event "Int. Stuttgarter Stadtmeisterschaft B"]
[Site "Ditzingen"]
[Date "2013.05.11"]
[Round "5.11"]
[White "Zeitler, Waldemar"]
[Black "Reichardt, Bernd"]
[Result "0-1"]
[WhiteElo "1523"]
[BlackElo "1814"]
[PlyCount "138"]
[EventDate "2013.??.??"]
[WhiteTeam "SC Gross-Sachsenheim"]
[BlackTeam "SF Markgräflerland e."]

1. d4 d5 2. Nf3 Nf6 3. Nc3 e6 4. e3 c5 5. Bb5+ Bd7 6. Bxd7+ Nbxd7 7. O-O a6 8.
Ne2 c4 9. c3 Bd6 10. Ne1 Qc7 11. f4 Ne4 12. Nf3 h5 13. g3 Qd8 14. Kg2 f5 15. h4
O-O 16. Ne5 Bxe5 17. dxe5 Rc8 18. Nd4 Qe8 19. Nf3 Ndc5 20. Qc2 Qg6 21. Ng5 Nxg5
22. hxg5 Qe8 23. Rh1 g6 24. b3 cxb3 25. axb3 Ne4 26. Bb2 Qc6 27. Rhf1 Rc7 28.
b4 Rfc8 29. Ra3 Qc4 30. Kh3 Qxb4 31. Rb3 Qc5 32. c4 Qa5 33. Ra1 Qc5 34. Bd4
Qxc4 35. Qxc4 dxc4 36. Rb6 Re8 37. Rab1 Ree7 38. Bb2 Nd2 39. Rd1 Ne4 40. Rd8+
Kf7 41. Ba3 Nc5 42. Bb4 c3 43. Rd1 c2 44. Rc1 Nd3 45. Bxe7 Kxe7 46. Rxc2 Rxc2
47. Rxb7+ Kd8 48. Rg7 Nf2+ 49. Kg2 Ng4+ 50. Kf1 Nxe3+ 51. Ke1 Ng4 52. Rxg6 Ke7
53. Rg7+ Kf8 54. Ra7 Ra2 55. Rh7 Ra3 56. Ra7 Nxe5 57. fxe5 Re3+ 58. Kf2 Rxe5
59. Rxa6 Kf7 60. Ra8 Re4 61. Rh8 Kg6 62. Rg8+ Kh7 63. Re8 Kg7 64. Kf3 e5 65.
Re6 Rg4 66. Rxe5 Rxg5 67. Ra5 Kh6 68. Kf4 Rg4+ 69. Kxf5 Rg5+ 0-1

[Event "Int. Stuttgarter Stadtmeisterschaft B"]
[Site "Ditzingen"]
[Date "2013.05.11"]
[Round "5.12"]
[White "Bischof, Jan"]
[Black "Michna, Marcus"]
[Result "1-0"]
[WhiteElo "1574"]
[BlackElo "1789"]
[PlyCount "65"]
[EventDate "2013.??.??"]
[WhiteTeam "SGem Vaihingen-Rohr"]
[BlackTeam "TSF Ditzingen"]

1. e4 e6 2. b3 d5 3. Bb2 Nf6 4. e5 Nfd7 5. f4 c5 6. Nf3 Nc6 7. Be2 Be7 8. O-O
Qc7 9. c3 O-O 10. d4 f6 11. Na3 a6 12. Nc2 cxd4 13. cxd4 b6 14. Qe1 a5 15. Rc1
Qd8 16. Bd3 fxe5 17. fxe5 Ba6 18. Bxa6 Rxa6 19. a4 Nb4 20. Qe2 Ra7 21. Na3 Rc7
22. Nb5 Rxc1 23. Rxc1 Nb8 24. Ba3 N8c6 25. Qd2 Qd7 26. Rc3 Rc8 27. Ne1 Nd8 28.
Nd3 Rxc3 29. Qxc3 Ndc6 30. h3 Nxd3 31. Qxd3 Nb4 32. Qc3 Qc6 33. Bxb4 1-0

[Event "Int. Stuttgarter Stadtmeisterschaft B"]
[Site "Ditzingen"]
[Date "2013.05.11"]
[Round "5.15"]
[White "Zerweck, Christoph"]
[Black "Piskaykin, Bogdan"]
[Result "0-1"]
[WhiteElo "1774"]
[BlackElo "1586"]
[PlyCount "44"]
[EventDate "2013.??.??"]
[WhiteTeam "SV Herrenberg e.V."]
[BlackTeam "SV Friedrichshafen"]

1. e4 c5 2. Nf3 d6 3. d4 cxd4 4. Nxd4 Nf6 5. Nc3 a6 6. Bc4 e6 7. Bb3 Be7 8. Be3
Nc6 9. g4 Nxd4 10. Bxd4 e5 11. Be3 Nxg4 12. Qe2 Nxe3 13. Qxe3 Be6 14. Bd5 Rb8
15. O-O-O Bg5 16. Rhg1 Bxe3+ 17. fxe3 O-O 18. Rg3 Qa5 19. Kb1 Rbc8 20. Rdg1 g6
21. h4 Rxc3 22. bxc3 Bxd5 0-1

[Event "Int. Stuttgarter Stadtmeisterschaft B"]
[Site "Ditzingen"]
[Date "2013.05.11"]
[Round "5.16"]
[White "Zeh, Dominik"]
[Black "Gorb, Eugeniusz"]
[Result "0-1"]
[WhiteElo "1763"]
[BlackElo "1630"]
[PlyCount "50"]
[EventDate "2013.??.??"]
[WhiteTeam "Stuttgarter SF 1879"]
[BlackTeam "SC Gross-Sachsenheim"]

1. d4 d5 2. c4 e6 3. Nf3 Nf6 4. Nc3 Bb4 5. Bd2 Bxc3 6. bxc3 O-O 7. cxd5 exd5 8.
e3 Bg4 9. Be2 Nbd7 10. h3 Bh5 11. g4 Bg6 12. g5 Ne4 13. h4 Bh5 14. Ng1 Bg6 15.
Bg4 f5 16. Bh3 f4 17. exf4 Nxd2 18. Qxd2 Nb6 19. Ne2 Nc4 20. Qc1 Qe7 21. Kf1
Bd3 22. Qd1 Qe4 23. Bg2 Qxf4 24. f3 Qe3 25. Ke1 Rae8 0-1